000 00567nam a22002057a 4500
003 DEla salle
005 20141105105457.0
008 130226t xxu||||| |||| 00| 0 eng d
020 _a007289539X
050 _aJZ 1242
_b.M68 2005
082 _b
245 _aPolitics among nations :
_bthe struggle for power and peace /
_cHans J. Morgenthau.
250 _a7th ed., rev.
260 _aBoston :
_bMcGraw-Hill Higher Education,
_c2006.
300 _axxxix, 703 p.
_c24 cm.
526 _c1210L-1700L
562 _e1
942 _2lcc
_cBK
_kFOR
999 _c18562
_d18562